Statistics for Find the Imposter in Europe

Click here to take the quiz!

General Stats

  • This quiz has been taken 26 times
  • The average score is 11 of 15

Answer Stats

QuestionAnswer% Correct
Capital cities of European countries.Baku
96%
Mountain ranges in Europe.Andes
92%
Countries where German is an official language.Denmark
92%
Monuments in Europe.
84%
Official languages in Belgium.Luxembourgish
84%
Flags of Europe.
80%
Rivers flowing through Europe.Euphrates
80%
European Union members.Switzerland
80%
Bordering both Austria and Switzerland.France
76%
Countries using the Euro.Bulgaria
72%
The capital cities of these countries begins with the letter R.Lithuania
72%
Founders of the European Union.Spain
72%
Countries bordering Serbia.Albania
64%
Asian countries bordering Europe.Armenia
52%
Countries bordering the Adriatic Sea.Greece
44%

Score Distribution

Percentile by Number Answered

Percent of People with Each Score

Your Score History

You have not taken this quiz